000 00719nam a2200241 i 4500
001 53405
003 ES-MaACL
005 20250822063120.0
007 t|
008 031023s2001 sp ||||0| spa j
020 _a84-8310-179-3
040 _aM-BN
_bspa
_cM-BN
080 _a821.134.2-31"19"
100 1 _aBenítez Reyes, Felipe,
_d1960-
_927647
245 1 3 _aLa propiedad del paraíso /
_cFelipe Benítez Reyes.
250 _a1ª ed. en colección Andanzas.
260 _aBarcelona :
_bTusquets,
_c2001.
300 _a130 p ;
_c21 cm.
490 1 _aColección Andanzas ;
_v451
830 0 0 _aColección Andanzas
_v451
_9234359
852 _aES-MaACL
_jL-26547
_bR.131488
999 _c53405
_d53405